000 00670cam a22002293a 4500
001 18959
003 PGUSA
005 20140828083413.0
008 060801s2006||||xxu|||||s|||||000 | eng d
040 _aPGUSA
_beng
042 _adc
050 4 _aDH
100 1 _aGibson, Hugh,
_d1883-1954
245 1 2 _aA Journal From Our Legation in Belgium
_h[electronic resource] /
_cHugh Gibson
260 _bProject Gutenberg,
_c2006
506 _aPublic domain in the USA.
516 _aElectronic text
653 _aBelgium -- History -- German occupation, 1914-1918
830 0 _aProject Gutenberg
_v18959
856 4 0 _uhttp://www.gutenberg.org/ebooks/18959
942 _cEB
999 _c248214
_d248214